The Scourge of Child Labour (Record no. 4071)
[ view plain ]
| 000 -LEADER | |
|---|---|
| fixed length control field | 00332nam a22001337a 4500 |
| 008 - FIXED-LENGTH DATA ELEMENTS--GENERAL INFORMATION | |
| fixed length control field | 250703b |||||||| |||| 00| 0 eng d |
| 020 ## - INTERNATIONAL STANDARD BOOK NUMBER | |
| ISBN | 9783671146 |
| 100 ## - MAIN ENTRY--AUTHOR | |
| Author | JOSEPH E. Obi |
| 245 ## - TITLE STATEMENT | |
| Title | The Scourge of Child Labour |
| 260 ## - PUBLICATION, DISTRIBUTION, ETC. (IMPRINT) | |
| Place of publication | Lagos Nigeria |
| Name of publisher | Niss Publications |
| Date of publication | 2004 |
| 300 ## - COLLATION | |
| Pagination | 222p. |
| 942 ## - ADDED ENTRY ELEMENTS (KOHA) | |
| Item type | Books |
| 050 ## - LIBRARY OF CONGRESS CALL NUMBER | |
| Classification number | HD6280 |
| Item number | .S36 |
| Source of classification or shelving scheme | Not for loan | Permanent location | Current location | Date acquired | Accession No. | Full call number | Barcode. | Koha item type |
|---|---|---|---|---|---|---|---|---|
| Library of Congress Classification | Samuel Ogbemudia Main Library, University of Abuja | Samuel Ogbemudia Main Library, University of Abuja | 07/03/2025 | 2007/33085 | HD6280.S36 | 2025-2799 | Books |